[Event "Chalkidiki Afitos"]
[Site "Chalkidiki"]
[Date "1993.??.??"]
[Round "5"]
[White "Gelfand, Boris"]
[Black "Adams, Michael"]
[Result "1/2-1/2"]
[WhiteElo "2670"]
[BlackElo "2630"]
[PlyCount "49"]
[EventDate "1993.09.??"]
[Source "ChessBase"]

1. e4 e6 2. d4 d5 3. Nc3 Bb4 4. e5 Qd7 5. Bd2 b6 6. Qg4 Bf8 7. Bb5 c6 8. Ba4 a5 9. a3 Ba6 10. Nce2 Ne7 11. Nf3 h5 12. Qh3 Bxe2 13. Kxe2 b5 14. Bb3 a4 15. Ba2 c5 16. dxc5 Ng6 17. Rhe1 Nc6 18. Kf1 Bxc5 19. c3 Na5 20. Rad1 Nc4 21. Bc1 Ne7 22. Bb1 Nc6 23. Re2 g6 24. Bf4 Be7 25. Qg3 1/2-1/2

[Event "Europa ch 2008"]
[Site "Plovdiv BUL"]
[Date "2008.04.29"]
[Round "8.6"]
[White "Akopian, Vladimir"]
[Black "Berg, Emanuel"]
[Result "1/2-1/2"]
[WhiteElo "2673"]
[BlackElo "2601"]
[PlyCount "54"]
[EventDate "2008.04.21"]
[Source "www.chesslib.no"]
[SourceDate "2004.05.04"]

1. e4 e6 2. d4 d5 3. Nc3 Bb4 4. e5 Qd7 5. a3 Bxc3+ 6. bxc3 b6 7. Qg4 f5 8. Qg3 Ba6 9. Bxa6 Nxa6 10. Ne2 O-O-O 11. Nf4 Nb8 12. O-O Nc6 13. Re1 Na5 14. Nh5 g6 15. Nf6 Qf7 16. h4 h6 17. Bf4 Nc4 18. a4 a5 19. f3 Kb7 20. Re2 Qg7 21. Rae1 Ne7 22. Rb1 Kc8 23. Kf2 Rdf8 24. Nh5 Qh7 25. Nf6 Qg7 26. Nh5 Qf7 27. Nf6 Qg7 1/2-1/2

[Event "Amsterdam"]
[Site "?"]
[Date "1988.??.??"]
[Round "?"]
[White "Nunn, John D M"]
[Black "Hort, Vlastimil"]
[Result "1-0"]
[WhiteElo "2615"]
[BlackElo "2590"]
[PlyCount "43"]
[EventDate "1988.??.??"]
[Source "www.chesslib.no"]
[SourceDate "2004.05.04"]

1. e4 e6 2. d4 d5 3. Nc3 Bb4 4. e5 Qd7 5. Bd2 Ne7 6. Qg4 Nf5 7. Bd3 h5 8. Qf4 Nc6 9. Bxf5 exf5 10. Nf3 Bxc3 11. Bxc3 Qe7 12. Qg3 Rh7 13. h4 Be6 14. Bd2 O-O-O 15. O-O Qd7 16. b4 Ne7 17. a4 Qc6 18. b5 Qxc2 19. Rfc1 f4 20. Qg5 f6 21. exf6 gxf6 22. Qxf4 1-0

[Event "World-ch corres"]
[Site "?"]
[Date "1962.??.??"]
[Round "?"]
[White "Nyman, S."]
[Black "Lundqvist, A."]
[Result "1/2-1/2"]
[WhiteElo "2560"]
[BlackElo "2560"]
[PlyCount "298"]
[EventDate "1962.??.??"]
[Source "www.chesslib.no"]
[SourceDate "2004.05.04"]

1. e4 e6 2. d4 d5 3. Nc3 Bb4 4. e5 Qd7 5. Qg4 f5 6. Qg3 b6 7. a3 Bf8 8. h4 Bb7 9. Nf3 Nc6 10. Bd3 Nh6 11. Bd2 O-O-O 12. Ne2 Be7 13. Ng5 Rdf8 14. Bb5 Nf7 15. Nf4 Nfd8 16. Qd3 Kb8 17. Nf3 Qc8 18. b4 Nf7 19. Qc3 Ncd8 20. Be2 c5 21. Qb2 cxd4 22. Nd3 Nc6 23. a4 Qc7 24. g3 Kc8 25. Nxd4 Nxd4 26. Qxd4 Qc4 27. Be3 Bd8 28. a5 Bc7 29. c3 Kb8 30. Kd2 Rc8 31. Rhb1 Ba6 32. b5 Bb7 33. f4 Qxd4 34. Bxd4 bxa5 35. Nc5 Bb6 36. Nxe6 g6 37. Bg1 Nd8 38. Nd4 h5 39. Nb3 Ne6 40. Nxa5 Nc5 41. Nc6+ Bxc6 42. Bxc5 Bxc5 43. bxc6+ Bb6 44. Bb5 Kc7 45. Ke2 Rb8 46. Ba4 Rhd8 47. Rb3 Bc5 48. Bb5 Rf8 49. Ra2 Bg1 50. Rbb2 Bc5 51. Ba4 Rfd8 52. Kd3 a5 53. Bb5 Ra8 54. Ba4 Rab8 55. Rb5 Rxb5 56. Bxb5 Bb6 57. Re2 Bc5 58. Rd2 Rb8 59. Ba4 Bg1 60. Kc2 Rd8 61. e6 Bc5 62. Re2 Be7 63. Re5 Kd6 64. Kd3 Bf6 65. e7 Bxe7 66. c7 Rc8 67. Bb3 a4 68. Rxd5+ Kxc7 69. Bxa4 Bd6 70. Ra5 Kb6 71. Rb5+ Kc7 72. Bb3 Kc6 73. Ba4 Kc7 74. Rd5 Ra8 75. Bb5 Ra1 76. Ke2 Ra2+ 77. Kf3 Rc2 78. Be8 Rxc3+ 79. Kg2 Bxf4 80. gxf4 Rc4 81. Rd7+ Kc8 82. Rg7 Rxf4 83. Kg3 Rg4+ 84. Kh3 Kd8 85. Bc6 f4 86. Rd7+ Ke8 87. Rd4+ Ke7 88. Bd7 Rg3+ 89. Kh2 g5 90. hxg5 Rxg5 91. Bh3 Kf6 92. Rxf4+ Ke5 93. Rf7 Ke4 94. Bd7 Kd5 95. Kh3 Ke4 96. Kh4 Ra5 97. Be8 Rf5 98. Ra7 Kf4 99. Bxh5 Rf8 100. Ra4+ Kf5 101. Kg3 Ke5 102. Bf3 Rg8+ 103. Kf2 Rb8 104. Be4 Rb3 105. Ke2 Rc3 106. Bd3 Rc5 107. Ke3 Kd5 108. Rh4 Kd6 109. Bc4 Ke5 110. Re4+ Kf5 111. Be6+ Kg5 112. Rg4+ Kf6 113. Kd4 Rg5 114. Re4 Ra5 115. Bc4 Kf5 116. Re7 Kf4 117. Re8 Ra4 118. Rf8+ Kg4 119. Kd3 Kg5 120. Bd5 Rf4 121. Re8 Ra4 122. Ke3 Kf5 123. Bc6 Ra1 124. Be4+ Kf6 125. Rb8 Ke5 126. Rb5+ Ke6 127. Kf4 Rf1+ 128. Bf3 Kd6 129. Rd5+ Ke6 130. Rc5 Kd7 131. Rc3 Kd6 132. Kf5 Rf2 133. Rd3+ Kc5 134. Ke5 Kc4 135. Re3 Rd2 136. Bg4 Rd5+ 137. Ke6 Kd4 138. Re1 Ra5 139. Rd1+ Ke3 140. Kf6 Ke4 141. Rb1 Ra6+ 142. Be6 Ra5 143. Rb4+ Kd3 144. Bd7 Kc3 145. Rb8 Kd4 146. Rh8 Ke4 147. Bc6+ Kd4 148. Ke6 Re5+ 149. Kd6 Rf5 1/2-1/2

[Event "cr NED"]
[Site "?"]
[Date "1985.??.??"]
[Round "?"]
[White "De Klerk"]
[Black "Weyerstrass, R."]
[Result "1/2-1/2"]
[WhiteElo "2560"]
[BlackElo "2560"]
[PlyCount "49"]
[EventDate "1985.??.??"]
[Source "www.chesslib.no"]
[SourceDate "2004.05.04"]

1. e4 e6 2. d4 d5 3. Nc3 Bb4 4. e5 Qd7 5. Bd2 b6 6. Nf3 Ne7 7. a3 Bxc3 8. Bxc3 a5 9. Bd3 Ba6 10. O-O c5 11. dxc5 bxc5 12. Bxa6 Rxa6 13. b4 axb4 14. axb4 Rxa1 15. Qxa1 O-O 16. bxc5 Qc7 17. Bd4 Nd7 18. c4 Nxc5 19. cxd5 Nxd5 20. Rc1 Nb3 21. Rxc7 Nxa1 22. Rb7 Nc2 23. Bc5 Rc8 24. Rb2 Nf4 25. Rxc2 1/2-1/2

[Event "Dresden"]
[Site "?"]
[Date "1964.??.??"]
[Round "?"]
[White "Pietzsch, W."]
[Black "Kahn, M."]
[Result "1-0"]
[WhiteElo "2560"]
[BlackElo "2560"]
[PlyCount "63"]
[EventDate "1964.??.??"]
[Source "www.chesslib.no"]
[SourceDate "2004.05.04"]

1. e4 e6 2. d4 d5 3. Nc3 Bb4 4. e5 Qd7 5. Qg4 f5 6. Qg3 b6 7. a3 Bxc3+ 8. bxc3 Ba6 9. Bxa6 Nxa6 10. Ne2 Kf7 11. a4 Ne7 12. h4 c5 13. h5 h6 14. Nf4 cxd4 15. cxd4 Nb4 16. Kd2 Rhc8 17. c3 Nbc6 18. Ba3 Na5 19. Bxe7 Qxe7 20. Qg6+ Kg8 21. Qxe6+ Qxe6 22. Nxe6 Nb3+ 23. Kd3 Nxa1 24. Rxa1 Rc6 25. Nf4 Rd8 26. Re1 Kf7 27. e6+ Ke8 28. Re5 Rc4 29. Rxf5 Rd6 30. Nxd5 Rxa4 31. Nc7+ Kd8 32. Rf7 1-0

[Event "E.Germany"]
[Site "?"]
[Date "1965.??.??"]
[Round "?"]
[White "Fuchs, R."]
[Black "Kahn, M."]
[Result "1-0"]
[WhiteElo "2560"]
[BlackElo "2560"]
[PlyCount "89"]
[EventDate "1965.??.??"]
[Source "www.chesslib.no"]
[SourceDate "2004.05.04"]

1. e4 e6 2. d4 d5 3. Nc3 Bb4 4. e5 Qd7 5. a3 Bxc3+ 6. bxc3 b6 7. a4 Nc6 8. Bb5 a6 9. Bd3 Bb7 10. Qg4 f5 11. Qh5+ Qf7 12. Qe2 Nge7 13. h4 Na5 14. Nh3 Kd7 15. h5 Rhe8 16. Ng5 Qg8 17. h6 g6 18. O-O Kc8 19. Rb1 Nec6 20. Ba3 Kb8 21. Rb2 Ka7 22. Rfb1 Rac8 23. Bb4 Rcd8 24. Ra2 Ra8 25. Bxa5 Nxa5 26. c4 Qf8 27. c5 bxc5 28. Rab2 Rab8 29. Qd2 Nc6 30. Nxh7 Qe7 31. Nf6 Red8 32. dxc5 Qxc5 33. h7 Nxe5 34. Qh6 Rh8 35. Qg7 Ng4 36. Nxg4 fxg4 37. Rxb7+ Rxb7 38. Rxb7+ Kxb7 39. Qxh8 g3 40. Qb2+ Ka7 41. c4 dxc4 42. h8=Q gxf2+ 43. Qxf2 Qxf2+ 44. Kxf2 cxd3 45. Qd4+ 1-0

[Event "World-ch corres"]
[Site "?"]
[Date "1962.??.??"]
[Round "?"]
[White "Lim Hong Gie"]
[Black "Lundqvist, A."]
[Result "1-0"]
[WhiteElo "2560"]
[BlackElo "2560"]
[PlyCount "95"]
[EventDate "1962.??.??"]
[Source "www.chesslib.no"]
[SourceDate "2004.05.04"]

1. e4 e6 2. d4 d5 3. Nc3 Bb4 4. e5 Qd7 5. Qg4 f5 6. Qg3 b6 7. a3 Bf8 8. Nf3 Bb7 9. b4 Nc6 10. Be2 Nh6 11. Bd2 O-O-O 12. Nd1 Be7 13. b5 Nb8 14. h4 Rdg8 15. a4 Nf7 16. a5 g6 17. Ng5 Nd8 18. Qb3 h6 19. Nf3 Nf7 20. Nb2 g5 21. h5 g4 22. Nh4 Bxh4 23. Rxh4 Ng5 24. Nd3 Rd8 25. axb6 axb6 26. Ra7 Qe7 27. Rh1 c5 28. Qa3 Qd7 29. dxc5 Qxb5 30. cxb6 Qb1+ 31. Bc1 Qxb6 32. Qc5+ Qc7 33. Bxg5 hxg5 34. Kd2 Nc6 35. Rb1 Nxa7 36. Qxa7 Bc6 37. Qa6+ Kd7 38. Nc5+ Ke7 39. Rb6 Qxe5 40. Nd3 Qf6 41. Rxc6 Rxh5 42. c3 Kf7 43. Qb7+ Kg6 44. Nc5 Re8 45. Qd7 Re7 46. Qd6 Rh6 47. Nxe6 Kh7 48. Bd3 1-0

[Event "Netherlands corres"]
[Site "?"]
[Date "1982.??.??"]
[Round "?"]
[White "Etmans, M."]
[Black "Weyerstrass, R."]
[Result "1-0"]
[WhiteElo "2560"]
[BlackElo "2560"]
[PlyCount "67"]
[EventDate "1982.??.??"]
[Source "www.chesslib.no"]
[SourceDate "2004.05.04"]

1. e4 e6 2. d4 d5 3. Nc3 Bb4 4. e5 Qd7 5. Bd2 b6 6. Qg4 f5 7. Qh5+ g6 8. Qf3 Ba6 9. Bxa6 Nxa6 10. h4 h6 11. Nge2 Ne7 12. Qd3 Nb8 13. O-O-O Nbc6 14. Nb1 Bxd2+ 15. Nxd2 Na5 16. Nf4 Kf7 17. f3 Rac8 18. Kb1 c5 19. c4 cxd4 20. Qxd4 Rhd8 21. cxd5 Nxd5 22. Ne4 Nc4 23. Nd6+ Nxd6 24. exd6 Qxd6 25. Nd3 Qg3 26. Ka1 Rc2 27. Ne5+ Kg8 28. h5 g5 29. Ng6 Kh7 30. Rhe1 Rdc8 31. a3 Qxg2 32. Qe5 R8c6 33. Rxd5 Rc1+ 34. Ka2 1-0

[Event "Belgrade"]
[Site "?"]
[Date "1965.??.??"]
[Round "?"]
[White "Minic, D."]
[Black "Rakic, T."]
[Result "1-0"]
[WhiteElo "2560"]
[BlackElo "2560"]
[PlyCount "61"]
[EventDate "1965.??.??"]
[Source "www.chesslib.no"]
[SourceDate "2004.05.04"]

1. e4 e6 2. d4 d5 3. Nc3 Bb4 4. e5 Qd7 5. a3 Bxc3+ 6. bxc3 b6 7. a4 Ba6 8. Bxa6 Nxa6 9. Qg4 f5 10. Qh5+ Qf7 11. Qe2 Nb8 12. c4 Nc6 13. Nf3 Nge7 14. cxd5 exd5 15. Bd2 f4 16. O-O O-O 17. Rfc1 Nf5 18. Qd3 Qg6 19. Ra3 Rad8 20. h3 Qe8 21. Re1 Qe7 22. Rb3 Nh4 23. Nxh4 Qxh4 24. Rc3 Nb4 25. Qb5 c5 26. dxc5 f3 27. e6 Qd4 28. e7 Qxd2 29. Rce3 a6 30. Qxb6 fxg2 31. R3e2 1-0

[Event "World-ch corres"]
[Site "?"]
[Date "1965.??.??"]
[Round "?"]
[White "Richter, J."]
[Black "Zagorovsky, V."]
[Result "1/2-1/2"]
[WhiteElo "2560"]
[BlackElo "2560"]
[PlyCount "105"]
[EventDate "1965.??.??"]
[Source "www.chesslib.no"]
[SourceDate "2004.05.04"]

1. e4 e6 2. d4 d5 3. Nc3 Bb4 4. e5 Qd7 5. a3 Bxc3+ 6. bxc3 b6 7. a4 Ba6 8. Bxa6 Nxa6 9. Qg4 f5 10. Qg3 Nb8 11. Ne2 Nc6 12. O-O Na5 13. Nf4 O-O-O 14. Ba3 g6 15. Bb4 Nc4 16. a5 Ne7 17. axb6 cxb6 18. Bxe7 Qxe7 19. Ra2 Rd7 20. Rfa1 Kb8 21. Ra6 Rc8 22. Nd3 Ka8 23. Nb4 Rb7 24. R6a2 g5 25. Qd3 Qf7 26. Qe2 h6 27. Rd1 Qg6 28. f4 Rbc7 29. Rd3 Kb7 30. Rg3 Rh7 31. Ra1 Rg8 32. Nd3 Qe8 33. Rf3 Ka8 34. Rff1 Rc7 35. Kh1 g4 36. Rfb1 h5 37. Kg1 h4 38. Ra2 Qe7 39. Rba1 Rgc8 40. Qe1 Na5 41. Ra3 Rc4 42. R1a2 h3 43. g3 Qc7 44. Nc5 bxc5 45. Rxa5 Rb8 46. Rxa7+ Qxa7 47. Rxa7+ Kxa7 48. Qa1+ Kb7 49. dxc5 Rxc5 50. Qa3 Rbc8 51. Kf2 R8c6 52. Ke2 Kc7 53. Kd3 1/2-1/2

[Event "Hindas"]
[Site "?"]
[Date "1975.??.??"]
[Round "?"]
[White "Sigurjonsson, G."]
[Black "Hermann, M."]
[Result "0-1"]
[WhiteElo "2560"]
[BlackElo "2560"]
[PlyCount "48"]
[EventDate "1975.??.??"]
[Source "www.chesslib.no"]
[SourceDate "2004.05.04"]

1. e4 e6 2. d4 d5 3. Nc3 Bb4 4. e5 Qd7 5. Bd2 b6 6. Nf3 Ba6 7. Bxa6 Nxa6 8. Qe2 Nb8 9. O-O Ne7 10. Nb1 Bxd2 11. Nbxd2 O-O 12. Rfd1 Nbc6 13. Nf1 f6 14. Re1 Ng6 15. exf6 Rxf6 16. c3 Raf8 17. N1d2 Nf4 18. Qe3 Qf7 19. Rf1 Qh5 20. Rac1 Rg6 21. g3 Qh3 22. Ne1 Rh6 23. Ndf3 Ng2 24. Nxg2 Rxf3 0-1

[Event "World Cities"]
[Site "Jakarta "]
[Date "1997.??.??"]
[Round "3"]
[White "Rogers, Ian"]
[Black "Gausel, Einar"]
[Result "1-0"]
[WhiteElo "2570"]
[BlackElo "2540"]
[PlyCount "57"]
[EventDate "1997.07.08"]
[Source "www.chesslib.no"]
[SourceDate "2004.05.04"]

1. e4 e6 2. d4 d5 3. Nc3 Bb4 4. e5 Qd7 5. a3 Bf8 6. Nf3 b6 7. Bb5 c6 8. Ba4 Ba6 9. Ne2 Ne7 10. c3 Bb5 11. Bc2 c5 12. O-O Nbc6 13. Re1 Bxe2 14. Rxe2 c4 15. Ng5 h6 16. Nh3 g6 17. Nf4 Nf5 18. g4 Nfe7 19. Re3 Bg7 20. Ng2 O-O-O 21. Qe2 Na5 22. Rh3 Kb7 23. Rb1 Rc8 24. Be3 Rcf8 25. Re1 Nac6 26. Qd2 Ng8 27. f3 Nce7 28. Bf2 Nf6 29. f4 1-0

[Event "Skopje op"]
[Site "Skopje"]
[Date "1998.12.18"]
[Round "7"]
[White "Mitkov, Nikola"]
[Black "Spasov, Vasil"]
[Result "1/2-1/2"]
[WhiteElo "2515"]
[BlackElo "2595"]
[PlyCount "26"]
[EventDate "1998.12.??"]
[Source "www.chesslib.no"]
[SourceDate "2004.05.04"]

1. e4 e6 2. d4 d5 3. Nc3 Bb4 4. e5 Qd7 5. Qg4 f5 6. Qg3 b6 7. Bd2 Ba6 8. Bxa6 Nxa6 9. Nge2 Bf8 10. a3 Nb8 11. Nf4 Nc6 12. Nce2 O-O-O 13. h4 Nh6 1/2-1/2

[Event "Nordic Grand Prix"]
[Site "Torshavn"]
[Date "1997.??.??"]
[Round "3"]
[White "Stefansson, Hannes"]
[Black "Conquest, Stuart"]
[Result "1/2-1/2"]
[WhiteElo "2555"]
[BlackElo "2540"]
[PlyCount "85"]
[EventDate "1997.02.07"]
[Source "ChessBase"]

1. e4 e6 2. d4 d5 3. Nc3 Bb4 4. e5 Qd7 5. Bd2 b6 6. Bb5 c6 7. Ba4 Nh6 8. Nce2 Bxd2+ 9. Qxd2 O-O 10. c3 Qe7 11. Nf3 c5 12. O-O Ba6 13. Rfe1 Bxe2 14. Rxe2 Nd7 15. Bc2 Rfc8 16. h4 Nf8 17. h5 Rc7 18. Qf4 Rac8 19. Rd1 f5 20. exf6 Qxf6 21. Qg3 Nf7 22. Rde1 b5 23. dxc5 Rxc5 24. a3 Kh8 25. Nd4 e5 26. Rxe5 Nxe5 27. Rxe5 a6 28. Qe3 R5c7 29. Bb3 Nd7 30. Re6 Qf8 31. Bxd5 Nf6 32. Bb3 Re8 33. h6 Rce7 34. Qe5 Rxe6 35. Nxe6 gxh6 36. Qd4 Qe7 37. Qb6 Ne4 38. f3 Qd6 39. Qb7 Rxe6 40. Qc8+ Kg7 41. Qxe6 Qc5+ 42. Kh2 Qc7+ 43. Kg1 1/2-1/2

[Event "Netanya"]
[Site "?"]
[Date "1971.??.??"]
[Round "?"]
[White "Westerinen, Heikki M J"]
[Black "Geller, Efim P"]
[Result "1/2-1/2"]
[WhiteElo "2450"]
[BlackElo "2630"]
[PlyCount "140"]
[EventDate "1971.??.??"]
[Source "www.chesslib.no"]
[SourceDate "2004.05.04"]

1. e4 e6 2. d4 d5 3. Nc3 Bb4 4. e5 Qd7 5. Nge2 b6 6. Nf4 c5 7. a3 Bxc3+ 8. bxc3 Ba6 9. Qg4 g6 10. Bxa6 Nxa6 11. h4 h5 12. Qe2 Qa4 13. Bb2 Ne7 14. O-O-O Rc8 15. Kb1 b5 16. Rh3 Qc4 17. Qd2 Nf5 18. Rg1 b4 19. cxb4 cxb4 20. Rb3 Rb8 21. Qd3 Kd7 22. axb4 Nxb4 23. Qxc4 dxc4 24. Ra3 Rb7 25. c3 Nd5 26. Nxd5 exd5 27. Kc2 Rhb8 28. Bc1 Nxh4 29. Ra5 Ke6 30. Ra6+ Rb6 31. Rxa7 Rb1 32. Ra6+ R8b6 33. Rxb6+ Rxb6 34. Bg5 Nf5 35. Ra1 Ne7 36. f3 Nc6 37. g4 Rb8 38. Ra6 Kd7 39. gxh5 gxh5 40. f4 Rh8 41. f5 Kc7 42. Kd2 h4 43. Bf4 h3 44. Ra1 Kd7 45. Rb1 Rh4 46. Ke3 h2 47. Rh1 Rh3+ 48. Kd2 Rd3+ 49. Kc2 Rf3 50. e6+ fxe6 51. fxe6+ Kxe6 52. Bxh2 Rf2+ 53. Kb1 Kf5 54. Bg3 Rg2 55. Bc7 Na7 56. Ba5 Nb5 57. Re1 Rg5 58. Re7 Nd6 59. Kb2 Ne4 60. Ka3 Kf4 61. Kb4 Ke3 62. Kb5 Kd3 63. Re5 Rg4 64. Rxd5 Nxc3+ 65. Bxc3 Kxc3 66. Kc5 Rg8 67. Rh5 Rc8+ 68. Kd5 Rd8+ 69. Kc5 Rxd4 70. Rh3+ Rd3 1/2-1/2

[Event "Novgorod op"]
[Site "Novgorod"]
[Date "1999.03.24"]
[Round "6"]
[White "Dvoirys, Semen I"]
[Black "Kotsur, Pavel"]
[Result "0-1"]
[WhiteElo "2562"]
[BlackElo "2511"]
[PlyCount "134"]
[EventDate "1999.03.19"]
[Source "ChessBase"]
[SourceDate "1999.05.10"]

1. e4 e6 2. d4 d5 3. Nc3 Bb4 4. e5 Qd7 5. Bd2 b6 6. Nb5 Bf8 7. a4 Ba6 8. Qg4 h5 9. Qg5 g6 10. Nf3 c6 11. Nd6+ Bxd6 12. exd6 Bxf1 13. Kxf1 Qxd6 14. Bf4 Qe7 15. a5 Qxg5 16. Nxg5 b5 17. Be5 f6 18. Bxb8 fxg5 19. Be5 Rh7 20. h3 a6 21. Ra3 Rf7 22. g4 Kd7 23. gxh5 gxh5 24. Rg3 Raf8 25. Rh2 c5 26. Rxg5 cxd4 27. Bxd4 Ne7 28. Ke2 Nf5 29. Be5 Rc8 30. Kd1 h4 31. Rhg2 d4 32. R2g4 Kc6 33. Re4 Kd5 34. Re2 Re8 35. Rg4 Rff8 36. Kd2 Rg8 37. Bf4 Rxg4 38. hxg4 Nd6 39. Re5+ Kc6 40. Ke2 Nc4 41. Rh5 Nxb2 42. Be5 Kd5 43. Bg7+ e5 44. f4 Nc4 45. f5 Nd6 46. Rxh4 Rc8 47. Kd1 Nc4 48. Bh6 e4 49. f6 Ke6 50. g5 Nd6 51. Bg7 Kf5 52. f7 Nxf7 53. Bxd4 Nxg5 54. Rh6 Rd8 55. c3 Nf3 56. Rxa6 Nxd4 57. cxd4 Rxd4+ 58. Ke2 Ra4 59. Ra7 Kf4 60. Rf7+ Ke5 61. Ra7 Kd4 62. a6 Ra2+ 63. Kd1 Kc3 64. Rc7+ Kb3 65. a7 b4 66. Re7 Ra5 67. Kd2 Ka2 0-1

[Event "1st Asean Open, Bandar Seri Begawan BRU"]
[Site "?"]
[Date "2001.??.??"]
[Round "?"]
[White "Antonio, R."]
[Black "Rogers, I."]
[Result "1/2-1/2"]
[WhiteElo "2535"]
[BlackElo "2535"]
[PlyCount "137"]
[EventDate "2001.??.??"]
[Source "www.chesslib.no"]
[SourceDate "2004.05.04"]

1. e4 e6 2. d4 d5 3. Nc3 Bb4 4. e5 Qd7 5. a3 Bxc3+ 6. bxc3 b6 7. Qg4 f5 8. Qh5+ Qf7 9. Qd1 Ne7 10. Nh3 h6 11. Nf4 Ng6 12. Nd3 Nc6 13. Be2 Nf8 14. h4 Bb7 15. a4 O-O-O 16. Ba3 Kb8 17. Qb1 Ka8 18. Bb4 a5 19. Ba3 g6 20. Qc1 Nd7 21. Qe3 Rdg8 22. f4 Ndb8 23. Kd2 Nd8 24. g4 Bc6 25. Nb2 Qd7 26. Rhg1 fxg4 27. Rxg4 Bxa4 28. Nxa4 Qxa4 29. Qg3 c5 30. Bb2 Qc6 31. Rxg6 Rxg6 32. Qxg6 cxd4 33. cxd4 Rf8 34. Qxh6 Rg8 35. Qh7 Rg2 36. Qd3 Qe8 37. Qf3 Qg8 38. Ra3 Ndc6 39. h5 Nb4 40. h6 Qg6 41. Rc3 N8c6 42. h7 Rh2 43. Qh3 Rxh3 44. Rxh3 Qxc2+ 45. Ke1 Qxb2 46. h8=Q+ Nb8 47. Qf8 Nc2+ 48. Kf1 Nxd4 49. Re3 Nf5 50. Rf3 Nd4 51. Re3 Qc1+ 52. Kf2 Nc2 53. Rd3 Qe1+ 54. Kf3 Qh1+ 55. Kg3 Ne1 56. Kf2 Nxd3+ 57. Bxd3 Qh2+ 58. Kf3 Qd2 59. Be2 Qd4 60. Kg3 a4 61. Qe8 Qc3+ 62. Bf3 Qc6 63. Qe7 Nd7 64. f5 Nxe5 65. fxe6 Qc3 66. Qf6 Qe1+ 67. Kg2 Nxf3 68. Qd8+ Ka7 69. Qd7+ 1/2-1/2

[Event "Memorial R.Nezhmetdinov (open)"]
[Site "Kazan (Russia)"]
[Date "2007.06.03"]
[Round "3"]
[White "Amonatov Farrukh (TJK)"]
[Black "Mihajlovskij Sergei (BLR)"]
[Result "1-0"]
[WhiteElo "2574"]
[BlackElo "2492"]
[PlyCount "65"]
[EventDate "2007.??.??"]
[Source "www.chesslib.no"]
[SourceDate "2004.05.04"]

1. e4 e6 2. d4 d5 3. Nc3 Bb4 4. e5 Qd7 5. Nge2 b6 6. Nf4 g6 7. h4 h5 8. a3 Be7 9. Bd3 Ba6 10. Bxa6 Nxa6 11. Qd3 Qc8 12. Nxg6 fxg6 13. Qxg6+ Kd7 14. Qg7 Qe8 15. Bg5 Nh6 16. Bxh6 Rg8 17. Qh7 Rh8 18. Qd3 Rxh6 19. Qb5+ c6 20. Qxa6 Kc7 21. O-O-O Rg6 22. g3 Rg4 23. Rhe1 Qc8 24. Qd3 Qg8 25. Ne2 Rf8 26. f3 Rg7 27. Kb1 b5 28. Rf1 Rf5 29. f4 Kb6 30. Rf3 a5 31. a4 Qc8 32. Nc3 Qa6 33. axb5 1-0

[Event "tt"]
[Site "Reykjavik tt"]
[Date "1990.??.??"]
[Round "?"]
[White "Hjartarson, Johann"]
[Black "Adams, Michael"]
[Result "1/2-1/2"]
[WhiteElo "2505"]
[BlackElo "2555"]
[PlyCount "33"]
[EventDate "1990.??.??"]
[Source "www.chesslib.no"]
[SourceDate "2004.05.04"]

1. e4 e6 2. d4 d5 3. Nc3 Bb4 4. e5 Qd7 5. Qg4 f5 6. Qg3 b6 7. Nh3 Ba6 8. Bxa6 Nxa6 9. O-O c6 10. Nf4 Nc7 11. Nce2 Qf7 12. b3 Be7 13. h4 Nh6 14. c4 O-O 15. Nh3 Bc5 16. Bxh6 Na6 17. cxd5 1/2-1/2

[Event "EU-chT (Men)"]
[Site "Haifa"]
[Date "1989.??.??"]
[Round "6"]
[White "Hodgson, Julian M"]
[Black "Donchev, Dimitar I"]
[Result "1-0"]
[WhiteElo "2535"]
[BlackElo "2520"]
[PlyCount "101"]
[EventDate "1989.11.??"]
[Source "ChessBase"]

1. d4 e6 2. e4 d5 3. Nc3 Bb4 4. e5 Qd7 5. Bd2 b6 6. Bb5 c6 7. Ba4 a5 8. a3 Bxc3 9. Bxc3 Ba6 10. Qg4 f5 11. Qg3 Bb5 12. Bb3 Qf7 13. h4 Ne7 14. Nh3 h6 15. Nf4 g6 16. O-O-O Nd7 17. Kb1 O-O-O 18. Bd2 Kb7 19. Rc1 Bc4 20. Qc3 Ba6 21. Qg3 Bc4 22. Bxc4 dxc4 23. Qc3 b5 24. d5 Nxd5 25. Nxd5 exd5 26. Qxa5 Ra8 27. e6 Qxe6 28. Qb4 d4 29. Rhe1 Qd5 30. Rcd1 Kb6 31. Qe7 Rae8 32. Qxe8 Rxe8 33. Rxe8 Qxg2 34. Bxh6 c5 35. Re6+ Kb7 36. Rd6 Ne5 37. Re1 Kc7 38. Rf6 Nc6 39. Ree6 Nd8 40. Re7+ Kc8 41. Bf4 d3 42. Rc7+ Kb8 43. Rxc5+ Ka7 44. Rc7+ Nb7 45. Be3+ Kb8 46. Re7 dxc2+ 47. Kxc2 Qd5 48. Bf4+ Ka7 49. Rd6 Qf3 50. Be3+ Kb8 51. Rdd7 1-0

[Event "RUS-Cup"]
[Site "Tula "]
[Date "1999.??.??"]
[Round "6"]
[White "Bezgodov, Alexei"]
[Black "Temirbaev, Serik"]
[Result "1/2-1/2"]
[WhiteElo "2557"]
[BlackElo "2490"]
[PlyCount "52"]
[EventDate "1999.??.??"]
[Source "www.chesslib.no"]
[SourceDate "2004.05.04"]

1. e4 e6 2. d4 d5 3. Nc3 Bb4 4. e5 Qd7 5. Bd2 b6 6. Bb5 c6 7. Ba4 a5 8. a3 Bf8 9. Nce2 Ba6 10. c3 Bb5 11. Bc2 a4 12. Nf4 c5 13. Nge2 Nc6 14. O-O Na5 15. Re1 g6 16. Rb1 Ne7 17. Nd3 Nec6 18. Bg5 Nc4 19. Bf6 Rg8 20. Qc1 N6a5 21. Qf4 Nb7 22. Rbd1 Qc7 23. Bb1 h5 24. h4 Be7 25. Bg5 Bxg5 26. hxg5 O-O-O 1/2-1/2

[Event "HUN-chT 9798"]
[Site "Hungary"]
[Date "1998.??.??"]
[Round "?"]
[White "Tolnai, Tibor"]
[Black "Sherzer, Alex"]
[Result "1/2-1/2"]
[WhiteElo "2550"]
[BlackElo "2495"]
[PlyCount "62"]
[EventDate "1997.??.??"]
[Source "www.chesslib.no"]
[SourceDate "2004.05.04"]

1. e4 e6 2. d4 d5 3. Nc3 Bb4 4. e5 Qd7 5. Qg4 f5 6. Qh5+ Qf7 7. Qd1 Ne7 8. Bd2 Bxc3 9. Bxc3 b6 10. Bb4 Ba6 11. Bxa6 Nxa6 12. Ba3 Nb8 13. h4 O-O 14. Nh3 h6 15. Nf4 Rc8 16. Bxe7 Qxe7 17. g4 c5 18. gxf5 exf5 19. Rg1 Nc6 20. Nh5 Qxh4 21. Rxg7+ Kf8 22. Qf3 Nxd4 23. Qxd5 Qe4+ 24. Qxe4 fxe4 25. c3 Nf3+ 26. Ke2 Re8 27. Rh7 Rad8 28. Nf6 Rxe5 29. Nd7+ Kg8 30. Nf6+ Kf8 31. Nd7+ Kg8 1/2-1/2

[Event "TCh-SWE Elitserien 2004-5"]
[Site "?"]
[Date "2005.03.12"]
[Round "10"]
[White "Agrest Evgenij"]
[Black "Brynell Stellan"]
[Result "1/2-1/2"]
[WhiteElo "2579"]
[BlackElo "2464"]
[PlyCount "104"]
[EventDate "2005.??.??"]
[Source "www.chesslib.no"]
[SourceDate "2004.05.04"]

1. e4 e6 2. d4 d5 3. Nc3 Bb4 4. e5 Qd7 5. h4 b6 6. a3 Bxc3+ 7. bxc3 Ba6 8. Bd3 Ne7 9. h5 h6 10. a4 Bxd3 11. cxd3 c5 12. dxc5 bxc5 13. Ba3 Qc7 14. Nf3 Nd7 15. d4 O-O 16. O-O Nc6 17. Ne1 f6 18. Nd3 fxe5 19. Nxc5 Nxc5 20. Bxc5 Rf5 21. Qg4 Qf7 22. Qg6 Qd7 23. Qg4 Rg5 24. Qf3 e4 25. Qh3 Qf7 26. f3 Rxh5 27. fxe4 Qg6 28. Qe3 Rg5 29. Ra2 dxe4 30. Re2 Rg4 31. Rf4 a6 32. Rxg4 Qxg4 33. Qxe4 Qxe4 34. Rxe4 Kf7 35. Rf4+ Kg6 36. Bb6 Rb8 37. a5 Rb7 38. Rf8 Rb8 39. Rf3 Rb7 40. Rf8 Rb8 41. Rf4 Rb7 42. Kf2 Rf7 43. Ke3 Rxf4 44. Kxf4 Kf6 45. c4 e5+ 46. Ke4 exd4 47. Bxd4+ Ke6 48. Bxg7 Nxa5 49. Kd4 h5 50. Kc5 Kf5 51. Bc3 Nxc4 52. Kxc4 h4 1/2-1/2

[Event "JUG-chT"]
[Site "Niksic"]
[Date "1996.??.??"]
[Round "?"]
[White "Tseshkovsky, Vitaly"]
[Black "Dimitrov, Vladimir"]
[Result "1/2-1/2"]
[WhiteElo "2495"]
[BlackElo "2530"]
[PlyCount "104"]
[EventDate "1996.??.??"]
[Source "www.chesslib.no"]
[SourceDate "2004.05.04"]

1. e4 e6 2. d4 d5 3. Nc3 Bb4 4. e5 Qd7 5. a3 Bxc3+ 6. bxc3 b6 7. a4 Ba6 8. Bxa6 Nxa6 9. Qd3 Nb8 10. Qg3 f5 11. a5 Nc6 12. axb6 cxb6 13. Nh3 h6 14. Nf4 g5 15. Nd3 Qg7 16. h4 Kf7 17. hxg5 hxg5 18. Rxh8 Qxh8 19. Qxg5 Nge7 20. Qh6 Qxh6 21. Bxh6 Rh8 22. Bc1 Rh1+ 23. Ke2 Na5 24. Ra2 Nc8 25. Bg5 Nc4 26. Nb2 Nxb2 27. Rxb2 a5 28. Bd8 a4 29. c4 Ke8 30. Bf6 dxc4 31. Rb4 a3 32. Ra4 Ra1 33. d5 Kd7 34. Rxc4 Ne7 35. dxe6+ Kxe6 36. Bxe7 Kxe7 37. Ra4 b5 38. Ra7+ Ke6 39. f4 b4 40. Kd3 Rg1 41. Ra6+ Kd5 42. Ra5+ Ke6 43. Ra4 Kd5 44. Ra5+ Ke6 45. Kc4 Rxg2 46. Ra6+ Ke7 47. Kxb4 Rxc2 48. Rxa3 Rf2 49. Kc5 Rxf4 50. Kd5 Rb4 51. Ra7+ Ke8 52. e6 Rh4 1/2-1/2